000 00616nam a2200205 a 4500
001 11010
003 CO-ViMGA
008 141112s2004 ck r 000 u spa d
040 _aCO-ViMGA
_bspa
_cCO-ViMGA
082 0 4 _a320.157 A54s
100 1 _aAngarita Barón Ciro ,
_915176
245 1 0 _aSoberanía del pueblo y poder constituyente
260 _aSantafé de Bogotá,
_cEditorial Gazeta,
_c1994
300 _a45 p. il.
490 _aEscuela de liderazgo democrático
650 1 4 _aDEMOCRACIA
_915177
650 1 4 _aPODER CONSTITUYENTE - COLOMBIA - 1886
_915178
650 1 4 _aSOBERANÍA
_915179
942 _2ddc
_cBK
999 _c22227
_d22227